| 000 | 00522nam a2200157 4500 | ||
|---|---|---|---|
| 001 | 15565 | ||
| 005 | 20230410143318.0 | ||
| 008 | 060907n19uu dr spa | ||
| 035 | _9funglode15695 | ||
| 050 | 1 | 4 | _aYSL |
| 110 | _aLondon School of Economics and Political Science | ||
| 245 | 1 |
_aDepartament of Government / _cThe London School of Economics and Political Science |
|
| 260 |
_aLondres : _bBritish Library of Political & Economic Science ( LSE) |
||
| 500 | _aDocumento extraido del internet | ||
| 942 |
_2lcc _cbk |
||
| 999 |
_c99346 _d99346 |
||